Medina (Record no. 1440)

MARC details
000 -LEADER
campo de control de longitud fija 00790nas a2200253 i 4500
001 - NÚMERO DE CONTROL
campo de control 1440
003 - IDENTIFICADOR DE NÚMERO DE CONTROL
campo de control ES-MaACL
005 - FECHA Y HORA DE LA ÚLTIMA TRANSACCIÓN
campo de control 20250819170102.0
007 - CAMPO FIJO DE DESCRIPCIÓN FÍSICA--INFORMACIÓN GENERAL
campo de control de longitud fija t|
008 - DATOS DE LONGITUD FIJA--INFORMACIÓN GENERAL
campo de control de longitud fija 950801d19411945sp w| | 1 ||pa d
022 ## - NÚMERO INTERNACIONAL NORMALIZADO PARA PUBLICACIONES SERIADAS
Número Internacional Normalizado para Publicaciones Seriadas 1887-7354
080 ## - NÚMERO DE LA CLASIFICACIÓN DECIMAL UNIVERSAL
Número de la Clasificación Decimal Universal (051.055.2)
245 00 - MENCIÓN DEL TÍTULO
Título Medina
Resto del título : [semanario de la S.F.] /
Mención de responsabilidad, etc. dir. Pilar Semprún.
260 ## - PUBLICACIÓN, DISTRIBUCIÓN, ETC.
Lugar de publicación, distribución, etc. Madrid :
Nombre del editor, distribuidor, etc. [Sección Femenina],
Fecha de publicación, distribución, etc. 1941-1945.
300 ## - DESCRIPCIÓN FÍSICA
Extensión 5 v. ;
Dimensiones 37 cm.
310 ## - PERIODICIDAD ACTUAL
Periodicidad actual Semanal
362 0# - FECHAS DE PUBLICACIÓN Y/O DESIGNACIÓN SECUENCIAL
Fecha de publicación y/o designación secuencial Año 1, n. 1 (20 marzo 1941)-año 5, n. 247 (30 dic. 1945)
650 17 - PUNTO DE ACCESO ADICIONAL DE MATERIA--TÉRMINO DE MATERIA
Término de materia o nombre geográfico como elemento de entrada Feminismo
Fuente del encabezamiento o término embne
9 (RLIN) 12744
700 1# - ENTRADA AGREGADA--NOMBRE PERSONAL
Nombre de persona Semprún, Pilar.
9 (RLIN) 105420
710 0# - ENTRADA AGREGADA--NOMBRE DE ENTIDAD CORPORATIVA
Nombre de entidad corporativa o nombre de jurisdicción como elemento de entrada Falange Española Tradicionalista y de las J.O.N.S.
Unidad subordinada Sección Femenina.
9 (RLIN) 4087
852 ## - LOCALIZACIÓN
Ubicación ES-MaACL
Número de control de estantería Hem-46
866 #0 - MENCIÓN TEXTUAL DE FONDOS--UNIDAD BIBLIOGRÁFICA BÁSICA
Fondos 1943-44 (1945 en.-jun.)
Holdings
Estatus retirado Estado de pérdida Estado de daño No para préstamo Colección Biblioteca de origen Biblioteca actual Ubicación en estantería Fecha de adquisición Fuente de adquisición Total de préstamos Signatura topográfica completa Código de barras Visto por última vez Precio de reemplazo Tipo de ítem Koha
        Periódicos y Revistas Biblioteca del Ateneo de Madrid Biblioteca del Ateneo de Madrid Depósito 1 17/01/2008     Hem-46 1001468 23/02/2023 23/02/2023 Revista